000 01215nam a2200361 u 4500
001 000003219
003 DO-SdBNP
005 20170922095735.0
007 000003219
008 090707s2001 dr r 000 0 spa d
020 _a999342515X
020 _a9789993425151
040 _aBPMSU
_bspa
_cBPMSU
082 _a342.03
_bF438d
100 1 _aFiallo Billini, José Antinoe
245 1 0 _aDemocracia, participación popular y reforma constitucional /
_cJosé Antinoe Fiallo Billini.
260 _aSanto Domingo :
_bINTEC,
_c2001.
300 _a300 p. ;
_c23 cm.
500 _aIncluye bibliografía al final de los capítulos
504 _aIncluye referencias bibliográficas al pie de las páginas.
650 4 _aDEMOCRACIA
_zREPÚBLICA DOMINICANA
650 4 _aREFORMAS CONSTITUCIONALES
_zREPÚBLICA DOMINICANA
650 4 _aPARTICIPACIÓN SOCIAL
_zREPÚBLICA DOMINICANA
710 2 _aInstituto Tecnológico de Santo Domingo
910 _aValidado. Control de calidad MFF
930 1 _l
_m
_8
_f
_p
930 1 _l
_m
_8
_f
_p
_h
942 _2ddc
_cBK
945 _aInventariado / 2017 VM
956 _a
_b
_c
_l
_h
956 _a
_b
_c
_l
_h
956 _aVMATEO
_b10
_c20150811
_lBPMSU
_h00151
999 _c8167
_d8167